Normal view
MARC view
- التعليم-المجتمع العربي-تنمية-قضايا
Entry Topical Term
001 - CONTROL NUMBER
- control field: 16949
003 - CONTROL NUMBER IDENTIFIER
- control field: JO-AjAnu
005 - DATE AND TIME OF LATEST TRANSACTION
- control field: 20230606073013.0
008 - FIXED-LENGTH DATA ELEMENTS
- fixed length control field: 230606|| aca||aabn | a|a d
040 ## - CATALOGING SOURCE
- Original cataloging agency: JO-AjAnu
- Transcribing agency: JO-AjAnu
150 ## - HEADING--TOPICAL TERM
- Topical term or geographic name entry element: التعليم-المجتمع العربي-تنمية-قضايا
670 ## - SOURCE DATA FOUND
- Source citation: Work cat.: (JO-AjAnu)8702: الشيباني،عمر محمد التومي, author 16948, التربية وقضايا التنمية والتحديث في المجتمع العربي